| 000 | 00707cam a2200193 a 4500 | ||
|---|---|---|---|
| 001 | 000001400 | ||
| 005 | 20200929145552.0 | ||
| 008 | 840105s19uu ec 001 0aspa | ||
| 040 |
_aDO-SdBNP _bspa _cBNPHU |
||
| 082 |
_a920 _bG643m |
||
| 100 | 1 |
_aGonzález Suarez, Federico, _d1844-1917. _94687 |
|
| 245 | 1 | 0 |
_aMemorias íntimas / _cFederico González Suarez ; introducción de Hernán Rodríguez Castelo. |
| 260 |
_aQuito : _bPublicaciones Educativas Ariel, _c[19uu]. |
||
| 300 |
_a167 p. ; _c18 cm. |
||
| 490 | 0 |
_aClásicos Ariel _v18 |
|
| 650 | 4 |
_aLiteratura ecuatoriana _xColeciones de escritos _94688 |
|
| 700 | 1 |
_aRodríguez Castelo, Hernán, _eintroducción _94689 |
|
| 830 | 0 |
_aClásicos Ariel ; _v18 _93125 |
|
| 999 |
_c1321 _d1321 |
||